Statistics for Satellite Images Quiz #6

Click here to take the quiz!

General Stats

  • This quiz has been taken 10,893 times
  • The average score is 9 of 16

Answer Stats

Answer % Correct
The Coliseum
94%
The Great Pyramid
94%
{Bering} Strait
74%
Adriatic Sea
74%
Qatar
68%
{South} {China} Sea
67%
Bangladesh
67%
Indochina
67%
Singapore
57%
Bahamas
57%
Istanbul
57%
Switzerland
50%
Java
49%
{Aral} Sea
42%
Pearl River Delta
11%
Río de la Plata
7%

Score Distribution

Percentile by Number Answered

Percent of People with Each Score

Your Score History

You have not taken this quiz